| 000 | 00505nam a22001937a 4500 | ||
|---|---|---|---|
| 003 | MPLRDC | ||
| 005 | 20220104185115.0 | ||
| 008 | 210129b ||||| |||| 00| 0 eng d | ||
| 020 | _a957-13-4775-2 | ||
| 082 | _a782.886 ZYH-4 | ||
| 100 | _a章诒和 | ||
| 245 |
_a云山几盤, 江流几湾 _c |
||
| 250 | _a初版二刷 | ||
| 260 |
_a台湾 _b时报文化出版企业股份有限公司 _c2007 |
||
| 300 | _b平 | ||
| 490 | _aPEOPLE. 332 | ||
| 650 | _a章诒和传记 | ||
| 942 |
_cBK _o782.886 ZYH-4 |
||
| 999 |
_c63177 _d63167 |
||